| 000 | 01092nam0a22002771 4500 | ||
|---|---|---|---|
| 001 | v19\rc\1636057 | ||
| 005 | 20250618234635.0 | ||
| 035 | _a(NLR Aleph) 004750231 | ||
| 090 |
_a4533893 _c4533893 |
||
| 100 | _a20061002f19001909|||y0rusy50 ca | ||
| 101 | 0 | _arus | |
| 102 | _aRU | ||
| 105 | _aa z ||||| | ||
| 200 | 1 |
_aСтатика сооружений _e[Конспект лекций] |
|
| 210 |
_aСанкт-Петербург _d190-?] |
||
| 215 |
_a[404] с. разд. паг. _cчерт. _d28 |
||
| 300 | _aОписано по корешку переплета владельца книги | ||
| 300 | _aПеред загл. авт.: Куницкий; на 1-й с. текста: проф. С. Куницкий | ||
| 309 | _aЛитогр. | ||
| 700 | 1 |
_7ca _8rus _aКуницкий _bС. К. _cд-р инженерных наук, ж. д. _f1859–1924 _gСтанислав Константинович _9206795 _3RU\NLR\AUTH\770206847 |
|
| 801 | 0 |
_aRU _bNLR _gpsbo |
|
| 801 | 0 |
_aRU _bRuMoRGB _2psbo |
|
| 801 | 1 |
_aRU _bProSoft-M _2rusmarc |
|
| 852 |
_aNLR _j68-8/222 |
||
| 942 | _cBOOK | ||
| 980 | _aNB | ||